Perspectives on the social order; (Record no. 178391)

000 -LEADER
fixed length control field 00764 a2200193 4500
003 - CONTROL NUMBER IDENTIFIER
control field Nust
005 - DATE AND TIME OF LATEST TRANSACTION
control field 20221214122740.0
010 ## - LIBRARY OF CONGRESS CONTROL NUMBER
LC control number 72006116
020 ## - INTERNATIONAL STANDARD BOOK NUMBER
International Standard Book Number 0070538735
-- 0070538727 (pbk)
040 ## - CATALOGING SOURCE
Transcribing agency Nust
082 00 - DEWEY DECIMAL CLASSIFICATION NUMBER
Classification number 301.08,ROS
100 1# - MAIN ENTRY--PERSONAL NAME
Personal name Ross, H. Laurence
9 (RLIN) 104819
245 10 - TITLE STATEMENT
Title Perspectives on the social order;
Remainder of title readings in sociology /
Statement of responsibility, etc. H. Laurence Ross.
260 ## - PUBLICATION, DISTRIBUTION, ETC.
Place of publication, distribution, etc. New York,
Name of publisher, distributor, etc. McGraw-Hill
Date of publication, distribution, etc. [1963]
300 ## - PHYSICAL DESCRIPTION
Extent 658 p.
Other physical details illus.
Dimensions 25 cm.
505 ## - FORMATTED CONTENTS NOTE
Formatted contents note PART-1: Introduction (Page-1), PART-2: The Natural Conditions of Human Society (Page-27), PART-3: Culture (Page-83), PART-4: Social Organization (Page-159), PART-5: Social Differentiation (Page-263), PAR-6: Social Change (Page-419).
650 #0 - SUBJECT ADDED ENTRY--TOPICAL TERM
Topical term or geographic name entry element Sociology.
9 (RLIN) 367
942 ## - ADDED ENTRY ELEMENTS (KOHA)
Source of classification or shelving scheme
Koha item type Book
Call number prefix 301.08,ROS
Holdings
Withdrawn status Lost status Source of classification or shelving scheme Damaged status Not for loan Permanent Location Current Location Shelving location Date acquired Full call number Barcode Date last seen Price effective from Koha item type Public note
          Military College of Signals (MCS) Military College of Signals (MCS) General Stacks 12/12/2016 301.08,ROS MCS34371 12/08/2016 12/12/2016 Book Almirah No.48, Shelf No.6
          Military College of Signals (MCS) Military College of Signals (MCS) General Stacks 12/12/2016 301.08,ROS MCS34372 12/08/2016 12/12/2016 Book Almirah No.73, Shelf No.3
© 2023 Central Library, National University of Sciences and Technology. All Rights Reserved.